Die Postzensur der Alliierten im besetzten Deutschland nach dem II Weltkrieg : Handbuch und Katalog (Record no. 1696)

000 -LEADER
fixed length control field 00864nam a22001217a 4500
008 - FIXED-LENGTH DATA ELEMENTS--GENERAL INFORMATION
fixed length control field 150810b xxu||||| |||| 00| 0 ger d
100 ## - MAIN ENTRY--AUTHOR'S NAME
Author's Name Riemer, Karl-Heinz
245 ## - TITLE STATEMENT
Title Die Postzensur der Alliierten im besetzten Deutschland nach dem II Weltkrieg : Handbuch und Katalog
250 ## - EDITION STATEMENT
Edition statement 2nd unchanged reprint
260 ## - PUBLICATION, DISTRIBUTION, ETC. (IMPRINT)
Place of publication, distribution, etc. Soest, GermANY
Name of publisher, distributor, etc. Poststempelgilde "Rhein-Donau" e.V
Date of publication, distribution, etc. 1977
500 ## - GENERAL NOTE
Materials specified Text in German: The postal censorship of the allied powers in occupied Germany following World War II : handbook and catalog. "Neue Schriftenreihe mit Unterstutzung der Stiftung zur Forderung der Philatelie und Postgeschichte e.V."--t.p.
650 ## - TOPICAL TERM (Tag)
Topical term or geographic name Allied Occupation | Germany | Censored Mail | 1945- | Post World War II | Postal History | Postal Markings | Post Office Seals and Labels | Postal Laws and Regulations | Postal Service | Laws and Regulations | Machine Cancels
Holdings
Withdrawn status Lost status Source of classification or shelving scheme Damaged status Koha normalized classification for sorting Not for loan Permanent Location Current Location Date acquired Total Checkouts Full call number Barcode Date last seen Price effective from Koha item type
        G6081 C396 R556   Northern Philatelic Library Northern Philatelic Library 08/10/2015   G6081 .C396 R556 1001966 08/10/2015 08/10/2015 Books

Powered by Koha